Statistics for Super Smash Bros. DLC Characters

Click here to take the quiz!

General Stats

  • This quiz has been taken 189 times
    (89 since last reset)
  • The average score is 18 of 19

Answer Stats

FranchiseCharacter% Correct
Street FighterRyu
97%
Fire EmblemByleth
96%
Final FantasyCloud
96%
Dragon QuestHero
96%
PersonaJoker
96%
ARMSMin Min
96%
Super MarioPiranha Plant
96%
XenobladePyra / Mythra
96%
Kingdom HeartsSora
96%
MinecraftSteve
96%
EarthboundLucas
95%
PokémonMewtwo
95%
Fatal FuryTerry
95%
Fire EmblemCorrin
92%
Fire EmblemRoy
92%
Final FantasySephiroth
92%
***** *******Banjo & Kazooie
91%
TekkenKazuya
91%
*********Bayonetta
89%

Score Distribution

Percentile by Number Answered

Percent of People with Each Score

Your Score History

You have not taken this quiz since the last reset